Balkánské státy přehledná automapa /

Další autoři: Vokálek, Vladimír
Jazyk: Čeština
Vydáno: Praha : Kartografie, 1977
Vydání: 4. vyd.
Fyzický popis: 1 list ; 73 x 90 cm
Mapy
Uloženo v:
LEADER 00653nem a22001932a 4500
001 000544309
003 CZ BrMZK
005 20080222075125.0
008 000105s1977 xr f cze d
040 |a BOA001  |b cze 
245 0 0 |a Balkánské státy  |h [kartografický dokument] :  |b přehledná automapa /  |c odp. red. Vladimír Vokálek 
250 |a 4. vyd. 
255 |a 1:1 500 000 
260 |a Praha :  |b Kartografie,  |c 1977 
300 |a 1 list ;  |c 73 x 90 cm 
700 1 |a Vokálek, Vladimír  |7 jx20071107037 
910 |a BOA001  |b Mp4-0621.312-77 
990 |a MP 
996 6 |b 2619733504  |c Mp4-0621.312-77  |l MZK  |r Sklad / do 1 hodiny  |n 1  |w 000544309  |u 000010  |a 1  |e BOA001  |j MZK50  |s P